000 00481nam a22001577a 4500
003 macl
005 20200920161752.0
008 200920b xxu||||| |||| 00| 0 eng d
040 _cmacl
082 _a891.433/KAN
100 _aकण्‍णन लक्ष्‍मी
_979702
245 _aघर चलो न
260 _aशहादरा दिल्‍ली
_bसूरज प्रकाशन
_c२०१९
650 _aउपंयास
_966786
942 _2ddc
_cHIN
999 _c63321
_d63321